| 000 | 00773 a2200217 4500 | ||
|---|---|---|---|
| 001 | 42379 | ||
| 005 | 20260407155713.0 | ||
| 008 | 260407a2008 arg spa d | ||
| 003 | AR-UNSa-BCEJYS | ||
| 040 |
_aAR-UNSa-BCEJYS _bspa _cAR-UNSa-BCEJYS |
||
| 080 |
_a304.4(82) _xAspectos generales de las políticas y prácticas sociales y culturales en Argentina (política social) |
||
| 245 | 1 | 0 |
_aPremio a la innovación y mejoramiento de las políticas públicas 06-07 _pcategoría maestría |
| 020 | _a978-987-24348-1-6 | ||
| 264 | 1 |
_aBuenos Aires : _bINAP _c2008 |
|
| 300 |
_a300 p. _c29 cm. |
||
| 041 | _aspa | ||
| 942 | _cBK | ||
| 590 | _aniveau_biblio:m niveau_hierar:0 | ||
| 100 | 1 | _aInstituto Nacional de la Administración Pública (INAP) | |
| 700 | 1 | _aGreco, Mariano | |
| 999 |
_c3610 _d3610 |
||